00932 a2200217 4500003000500000005001700005020001500022020001800037040000900055100002300064245006000087260005100147300002900198505030900227650001500536650001600551651001100567942001200578999001900590952010500609Nust20170207165830.0 a0470466464 a9780470466469 cNust1 aRumsey, Deborah J.10aStatistics II for dummies. (E-BOOK)bDeborah J. Rumsey, aHoboken, NJ ;bWiley Publishing, Inc. ,c2009. a392 p. ;bill. ;c24 cm. aTackling data analysis and model-building basics -- Using different types of regression to make predictions -- Analyzing variance with ANOVA -- Building strong connections with chi-square tests -- Nonparametric statistics: rebels without a distribution -- The part of tens -- Appendix: Reference tables.  0aStatistics 0aStatistics. aE-BOOK 2ddccBK c213237d213237 00102ddc40708NFICaMCSbMCSd2016-12-12l0o 519.5 RUM pMCSEB-3234r2016-12-08w2016-12-12yBK